| 000 | 02554nam a2200325 i 4500 | ||
|---|---|---|---|
| 001 | 204778 | ||
| 003 | ES-MaBCM | ||
| 005 | 20230301080831.0 | ||
| 008 | 170425t2017 sp ||||| |||| 00| 0 spa d | ||
| 017 | _aM.5143-2017 | ||
| 020 | _a978-84-16668-28-1 | ||
| 021 | _axx | ||
| 035 | _a(OCoLC)981079097 | ||
| 040 | _cES-MaBCM | ||
| 100 | 1 |
_9121156 _aAroca Mohedano, Manuela |
|
| 245 | 1 | 3 |
_aEl papel del sindicalismo en la transición _b: la confluencia del sindicalismo socialista: fusión USO-UGT _cManuela Aroca Mohedano |
| 250 | _a1ª ed. | ||
| 260 |
_aMadrid : _bCinca, _c2017 |
||
| 300 |
_a226 p. _bil. _c24 cm |
||
| 490 | 0 |
_aColección Biblioteca de historia social ; _v14 |
|
| 504 | _aBibliografía: p. [220]-226 | ||
| 520 | _aLa historiografía de nuestra Transición política ha concedido un fuerte protagonismo a los elementos del poder. En las interpretaciones mayoritariamente aceptadas, el papel del Rey, de Adolfo Suárez y de la clase política, en general, ha sido sobradamente reconocido. Por el contrario, no se ha tenido en la suficiente consideración la labor desempeñada por la clase obrera y sus organizaciones que, desde las fases intermedias de la dictadura, se habían embarcado en un constante y creciente proceso de protesta y reivindicación con marcados tintes políticos. La Transición a la democracia no hubiera sido posible en España sin la participación -antes, durante y después- del movimiento obrero y su empeño en acabar con la falta de libertades. Por otra parte, las investigaciones sobre el nacimiento y el desarrollo de las organizaciones obreras durante el franquismo y la Transición han olvidado sistemáticamente a uno de los sindicatos, la Unión Sindical Obrera, que surgió dentro de la órbita cristiana y del campo ideológico socialista, con vocación de autonomía frente a los partidos políticos. Tras las primeras elecciones legislativas de la democracia, una parte del sindicato se integró en la Unión General de Trabajadores. Por ese motivo, es imprescindible estudiar su aportación al sindicalismo de orientación socialista. Ese es el objetivo de este libro: analizar la confluencia del sindicalismo socialista, en el complejo panorama del sindicalismo de la Transición. | ||
| 610 | 2 | 7 |
_962846 _aUnión Sindical Obrera (España) |
| 610 | 2 | 7 |
_952906 _aUnión General de Trabajadores de España |
| 650 | 2 | 7 |
_aMovimiento obrero _959491 |
| 650 | 2 | 7 |
_aCambio de régimen político _957801 |
| 650 | 2 | 7 |
_aSindicato _960261 |
| 651 | 4 |
_aEspaña _9115342 |
|
| 942 |
_cBK _2udc |
||
| 999 |
_c204778 _d204778 |
||